1598 1145 1373 1550 1621 1801 1776 1059 1600 1020 1375 1985 1563 1356 1904 1681 1783 1930 1482 1321 1691 1997 1377 1636 1015 1923 1293 1905 1310 1320 1417 1715 1827 1356 1124 1412 1799 1281 1465 1152 1573 1872 1984 1723 1037 1507 1044 1654 1867 1180 1687 1806 1002 1661 1003 1949 1890 1443 1597 1166 1209 1088 1896 1124 1752 1754 1898 1925 1646 1367 1399 1226 1135 1160 1836 1366 1000 1297 1196 1659 1727 1388 1973 1524 1898 1268 1206 1585 1164 1073 1072 1044 1895 1970 1764 1040 1041 1114 1741 BCNSPRNW ULIB Ver.6.0+V

เปลี่ยนเป็นภาษาไทย

Change to English
 แสดงรายละเอียดบรรณานุกรม
  กลับหน้าหลัก

Brief Record : Get Marc (ISO 2709) : E-mail record : QR code < ปิดหน้าต่าง
LEADER : 00000nam 2200000uu 4500
001    13399120032
003     ULIB
008    120822s2553||||th 000 0 tha d
020    ^a9786167388014
060  4 ^aWG300^bศ371
100 0  ^aปรีชา เอื้อโรจนอังกูร
245 10 ^aศาสตร์และศิลป์ในการรักษาโรคหัวใจขาดเลือด /^cบรรณาธิการ, ปรีชา เอื้อโรจนอังกูร
246 21 ^aศาสตร์และศิลป์ในการรักษาโรคหัวใจขาดเลือด :^bการอบรมระยะสั้นอายุรศาสตร์หัวใจ ครั้งที่ 2
250    ^aพิมพ์ครั้งที่ 1
260    ^aกรุงเทพฯ :^bหน่วยโรคหัวใจ กองอายุรกรรมโรงพยาบาลพระมงกุฎเกล้า,^c2553
300    ^a149 หน้า :^bภาพประกอบ
500    ^aชื่อเรื่องจากปกนอก
650  7 ^aหลอดเลือดโคโรนารีย์^xโรค^xการรักษา
650  7 ^aหัวใจ^xโรค^xการรักษา
650  7 ^aหลอดเลือดหัวใจ, โรค^xการรักษา
710 2  ^aโรงพยาบาลพระมงกุฎเกล้า.^bกองอายุรกรรม.^bหน่วยโรคหัวใจ
945    ^p600^l0^i032522
945    ^p600^l0^i032523
945    ^p600^l0^i033254
995    ^aเกษร
999 ^a ใช้งานได้ทุกระบบ
รายการนี้ยังไม่มีแท็ก
คุณยังไม่ได้ล็อกอิน คุณสามารถมีกิจกรรมร่วมกับเว็บไซต์ได้ แต่ต้องล็อกอินก่อน ::
  ล็อกอิน

รายการสื่อสารสนเทศ

ลำดับที่ ประเภท เลขเรียก/บาร์โค้ด สถานที่ สถานะ
1. วิทยาศาสตร์การแพทย์ และสุขภาพ
หนังสือสำรอง
สถานะ=หนังสือสำรอง
WG300 ศ371 ฉ.1 
  Barcode: 032522
ห้องสมุดวิทยาเขตสวรรค์ประชารักษ์
►ส่วนจัดเก็บหนังสือเก่า สปร
บนชั้น
  ขอยืม
2. วิทยาศาสตร์การแพทย์ และสุขภาพ
วิทยาศาสตร์การแพทย์ และสุขภาพ
WG300 ศ371 ฉ.2 
  Barcode: 032523
ห้องสมุดวิทยาเขตสวรรค์ประชารักษ์
►ส่วนจัดเก็บหนังสือเก่า สปร
ถูกยืม กำหนดส่งวันที่ 8 มีนาคม 2567
  จอง
3. วิทยาศาสตร์การแพทย์ และสุขภาพ
วิทยาศาสตร์การแพทย์ และสุขภาพ
WG300 ศ371 ฉ.3 
  Barcode: 033254
ห้องสมุดวิทยาเขตสวรรค์ประชารักษ์
►ส่วนจัดเก็บหนังสือเก่า สปร
บนชั้น
  ขอยืม

รายการใกล้เคียง
    ผู้แต่ง [ปรีชา เอื้อโรจนอังกูร]

BibComment


ยังไม่เคยถูกคอมเมนท์

คอมเมนท์ทรัพยากรรายการนี้
  คอมเมนท์: ศาสตร์และศิลป์ใน..


 Copyright 2026. Bcnsprnw @Library